Neohlížej se, jde za námi kůň! /

Hlavní autor: Mahler, Zdeněk, 1963-
Další autoři: Duda, Stanislav, 1921-2008
Jazyk: Čeština
Vydáno: Praha : Primus, 2001
Vydání: V nakl. Primus vyd. 1.
Témata:
Externí odkaz: Digitalizovaný dokument
Fyzický popis: 92 s. : il. ; 24 cm
Knihy
Uloženo v:
LEADER 01267nam a2200337 a 4500
001 000589129
003 CZ BrMZK
005 20101126144728.0
007 ta
008 020304s2001 xr c f cze d
015 |a cnb001064111 
020 |a 80-86207-19-6  |q (váz.) 
035 |a (OCoLC)50344358 
040 |a BOA001  |c ze  |d BOA001 
072 7 |a 821-93  |x Literatura pro děti a mládež (beletrie)  |2 Konspekt  |9 26 
072 7 |a 821.162.3-3  |x Česká próza  |2 Konspekt  |9 25 
080 |a 821-93  |2 MRF 
080 |a 821.162.3-31  |2 MRF 
080 |a (0:82-31)  |2 MRF 
100 1 |a Mahler, Zdeněk,  |d 1963-  |7 xx0011210  |4 aut 
245 1 0 |a Neohlížej se, jde za námi kůň! /  |c Zdeněk Mahler ; [ilustrace Stanislav Duda] 
250 |a V nakl. Primus vyd. 1. 
260 |a Praha :  |b Primus,  |c 2001 
300 |a 92 s. :  |b il. ;  |c 24 cm 
655 7 |a české romány  |7 fd133974  |2 czenas 
655 7 |a publikace pro děti  |7 fd133156  |2 czenas 
700 1 |a Duda, Stanislav,  |d 1921-2008  |7 jk01023232  |4 ill 
856 4 1 |u http://www.digitalniknihovna.cz/mzk/uuid/uuid:2e0fcea0-4052-11e2-b246-005056827e52  |y Digitalizovaný dokument  |x NDK 
910 |a BOA001  |b 2-1095.697 
990 |a BK 
996 6 |b 2610155544  |c 2-1095.697  |l MZK  |r Sklad / do 1 hodiny  |n 0  |p p.v.  |w 000590398  |u 000010  |a 1  |e BOA001  |j MZK50  |s P